[Event "5th Kolkata Open"]
[Site "Kolkata IND"]
[Date "2012.12.08"]
[Round "6.2"]
[White "Dzhumaev, M."]
[Black "Wojtaszek, R."]
[Result "1/2-1/2"]
[WhiteElo "2530"]
[BlackElo "2734"]
[PlyCount "74"]
[EventDate "2012.12.03"]
[SourceDate "1999.07.01"]

1. e4 c5 2. Nf3 d6 3. d4 cxd4 4. Nxd4 Nf6 5. Nc3 a6 6. f4 Qc7 7. a4 g6 8. Nf3
Nbd7 9. Bd3 Bg7 10. O-O O-O 11. Qe1 Nc5 12. Kh1 Bg4 13. Be3 Rac8 14. a5 Bxf3
15. Rxf3 Qc6 16. Bxc5 Qxc5 17. Na4 Qc7 18. Nb6 Rcd8 19. c4 e6 20. b4 Nd7 21.
Nxd7 Rxd7 22. Rb1 b6 23. axb6 Qxb6 24. f5 Ra8 25. Qh4 exf5 26. exf5 Qd4 27.
Qxd4 Bxd4 28. Be4 Rb8 29. g3 Re7 30. Bd5 Kg7 31. f6+ Bxf6 32. Rbf1 Bd4 33.
Rxf7+ Rxf7 34. Rxf7+ Kh8 35. Rb7 Rxb7 36. Bxb7 Bc3 37. Bxa6 Bxb4 1/2-1/2

[Event "5th Kolkata Open"]
[Site "Kolkata IND"]
[Date "2012.12.10"]
[Round "8.2"]
[White "Sengupta, D."]
[Black "Wojtaszek, R."]
[Result "1-0"]
[WhiteElo "2540"]
[BlackElo "2734"]
[PlyCount "77"]
[EventDate "2012.12.03"]
[SourceDate "1999.07.01"]

1. e4 c5 2. Nf3 d6 3. d4 cxd4 4. Nxd4 Nf6 5. Nc3 a6 6. Be2 e5 7. Nb3 Be7 8. O-O
O-O 9. Re1 Be6 10. Bf3 Nbd7 11. a4 Qb8 12. Qd3 Rc8 13. Nd5 Bd8 14. h3 Bxd5 15.
exd5 Bb6 16. a5 Ba7 17. Re2 Qc7 18. Ra4 Qd8 19. g4 Nc5 20. Nxc5 Rxc5 21. Bd2
Nd7 22. Be4 g6 23. Ra3 Rc7 24. b4 Rac8 25. Rc3 Rxc3 26. Bxc3 Qh4 27. Be1 Rf8
28. Kf1 f5 29. gxf5 Nf6 30. Qf3 Nxe4 31. Rxe4 Qg5 32. Rg4 Qc1 33. Qd3 Kh8 34.
Qc4 gxf5 35. Rg2 Bd4 36. c3 Ba7 37. Qc7 Qh6 38. Qxb7 Bb8 39. b5 1-0

[Event "5th Kolkata Open"]
[Site "Kolkata IND"]
[Date "2012.12.10"]
[Round "8.5"]
[White "Dzhumaev, M."]
[Black "Gopal, G."]
[Result "1-0"]
[WhiteElo "2530"]
[BlackElo "2547"]
[PlyCount "87"]
[EventDate "2012.12.03"]
[SourceDate "1999.07.01"]

1. e4 c5 2. Nf3 d6 3. d4 cxd4 4. Nxd4 Nf6 5. Nc3 a6 6. g3 e5 7. Nb3 Be7 8. Bg2
b5 9. a4 b4 10. Nd5 Nxd5 11. Qxd5 Ra7 12. Be3 Be6 13. Qd3 Rb7 14. O-O O-O 15.
Rfc1 a5 16. c4 bxc3 17. Rxc3 Nd7 18. Qc2 Rb4 19. Nc1 Nf6 20. Nd3 Rxe4 21. Bxe4
Nxe4 22. Rc7 d5 23. Bb6 Bd6 24. Rc6 Qa8 25. f3 Bd7 26. Rc1 Bxc6 27. Qxc6 Bc5+
28. Rxc5 Nxc5 29. Qxa8 Rxa8 30. Nxc5 Rb8 31. Bxa5 Rxb2 32. Bc7 f6 33. a5 d4 34.
a6 Ra2 35. Kf1 Rxh2 36. Nb7 Ra2 37. Na5 Ra1+ 38. Ke2 Ra2+ 39. Kd1 Ra1+ 40. Kd2
Ra2+ 41. Kc1 d3 42. a7 d2+ 43. Kd1 Ra1+ 44. Kxd2 1-0

[Event "5th Kolkata Open"]
[Site "Kolkata IND"]
[Date "2012.12.11"]
[Round "9.3"]
[White "Ni Hua"]
[Black "Dzhumaev, M."]
[Result "1-0"]
[WhiteElo "2660"]
[BlackElo "2530"]
[PlyCount "113"]
[EventDate "2012.12.03"]
[SourceDate "1999.07.01"]

1. e4 c5 2. Nf3 d6 3. d4 cxd4 4. Nxd4 Nf6 5. Nc3 a6 6. Be3 e5 7. Nb3 Be7 8. h3
Be6 9. Qf3 Nbd7 10. g4 h6 11. O-O-O Rc8 12. Nd5 Bxd5 13. exd5 Nb6 14. Kb1 Qc7
15. Bxb6 Qxb6 16. Bd3 Qb4 17. Rhe1 Rc7 18. c3 Qb6 19. Nd2 Qa5 20. Be4 g6 21.
Qg3 Nd7 22. h4 Kd8 23. h5 f5 24. Bc2 f4 25. Qf3 g5 26. Bf5 Nf6 27. Be6 Qb6 28.
Qe2 Rf8 29. f3 Ne8 30. Qd3 Bf6 31. Re4 Ke7 32. Rb4 Qe3 33. Qg6 a5 34. Ra4 Qe2
35. Kc2 Qb5 36. Re4 Bg7 37. a4 Qa6 38. Ree1 Kd8 39. Ra1 Rf6 40. Qe4 Rf8 41. Ra3
Nf6 42. Qg6 Qb6 43. Qd3 Qa6 44. Rb3 Qxd3+ 45. Kxd3 Ke7 46. Rb5 Ra8 47. Nc4 Ra7
48. Rxa5 Rxa5 49. Nxa5 Nxd5 50. Bxd5 Rc5 51. Nxb7 Rxd5+ 52. Kc2 Kd7 53. Re4 Bf6
54. c4 Rd4 55. Rxd4 exd4 56. b4 Be7 57. Na5 1-0

[Event "TCh-NED Meesterklasse 2012-13"]
[Site "Netherland NED"]
[Date "2012.12.15"]
[Round "5.1"]
[White "Pruijssers, R."]
[Black "Ftacnik, L."]
[Result "1-0"]
[WhiteElo "2514"]
[BlackElo "2545"]
[PlyCount "96"]
[EventDate "2012.09.15"]
[SourceDate "1999.07.01"]
[WhiteTeam "Accres Apeldoorn"]
[BlackTeam "SO Rotterdam"]

1. e4 c5 2. Nf3 d6 3. d4 cxd4 4. Nxd4 Nf6 5. Nc3 a6 6. Be3 e5 7. Nb3 Be6 8. Qd2
Nbd7 9. O-O-O b5 10. f4 b4 11. Nd5 Nxe4 12. Qxb4 Bxd5 13. Rxd5 Nef6 14. Ra5 Be7
15. Bxa6 d5 16. Qa4 O-O 17. Bb5 d4 18. Rxa8 Qxa8 19. Qxa8 Rxa8 20. Bd2 e4 21.
a4 e3 22. Be1 Nc5 23. Nxd4 Nxa4 24. Bc6 Ra6 25. Bb5 Ra8 26. Kb1 Bc5 27. Nb3 Bb6
28. Bc6 Ra6 29. Bf3 Bc7 30. g3 h6 31. Bb4 g5 32. fxg5 hxg5 33. Re1 g4 34. Bg2
Re6 35. Nc5 Nxc5 36. Bxc5 e2 37. Kc1 Nd7 38. Bd4 Be5 39. Bxe5 Nxe5 40. Rxe2
Nd3+ 41. Kd2 Rxe2+ 42. Kxe2 Nxb2 43. Ke3 Kg7 44. Kd4 f5 45. c4 Kf6 46. c5 Na4
47. Bc6 Nxc5 48. Kxc5 Ke5 1-0

[Event "4th London Chess Classic"]
[Site "London ENG"]
[Date "2012.12.08"]
[Round "7.2"]
[White "Polgar, Ju"]
[Black "Anand, V."]
[Result "1/2-1/2"]
[WhiteElo "2705"]
[BlackElo "2775"]
[PlyCount "63"]
[EventDate "2012.12.01"]
[SourceDate "1999.07.01"]

1. e4 c5 2. Nf3 d6 3. d4 cxd4 4. Nxd4 Nf6 5. Nc3 a6 6. Bc4 e6 7. O-O b5 8. Bb3
Be7 9. Qf3 Qc7 10. a3 O-O 11. Qg3 Bd7 12. Bh6 Ne8 13. Rad1 Nc6 14. Nxc6 Bxc6
15. Rfe1 a5 16. Bg5 Bxg5 17. Qxg5 Rb8 18. e5 dxe5 19. Qxe5 Qb6 20. a4 bxa4 21.
Bxa4 Rc8 22. Bxc6 Rxc6 23. Na4 Qc7 24. c3 Nf6 25. Rd4 Rc8 26. Qxc7 R6xc7 27.
Red1 g6 28. Rd8+ Kg7 29. Rxc8 Rxc8 30. Rd6 Rc4 31. b3 Ne4 32. Ra6 1/2-1/2

[Event "4th London Chess Classic"]
[Site "London ENG"]
[Date "2012.12.09"]
[Round "8.3"]
[White "Anand, V."]
[Black "Nakamura, Hi"]
[Result "1/2-1/2"]
[WhiteElo "2775"]
[BlackElo "2760"]
[PlyCount "130"]
[EventDate "2012.12.01"]
[SourceDate "1999.07.01"]

1. e4 c5 2. Nf3 d6 3. d4 cxd4 4. Nxd4 Nf6 5. Nc3 a6 6. h3 e5 7. Nde2 h5 8. Bg5
Be6 9. Bxf6 Qxf6 10. Nd5 Qd8 11. Nec3 Nd7 12. Bc4 g6 13. a4 Bh6 14. a5 Rc8 15.
Ba2 O-O 16. O-O Kg7 17. b4 Rc6 18. Qd3 Qg5 19. Rfd1 Rfc8 20. Bb3 f5 21. exf5
gxf5 22. Ne2 f4 23. Ndxf4 Bxb3 24. h4 Qg4 25. f3 Bxc2 26. fxg4 Bxd3 27. Nxh5+
Kg8 28. Rxd3 Bf8 29. Kh2 Rc4 30. Kh3 Rxb4 31. Rf3 Rc2 32. Nc3 e4 33. Rg3 Rd2
34. Re1 d5 35. Nf4 Rbd4 36. Ncxd5 Rxd5 37. Nxd5 Rxd5 38. Rxe4 Rxa5 39. g5 Ra3
40. Re8 Rxg3+ 41. Kxg3 b5 42. Rd8 Nc5 43. Rb8 Kf7 44. g6+ Kg7 45. Kg4 b4 46. h5
b3 47. Kf5 Bd6 48. Rb4 a5 49. Rb6 a4 50. Rxd6 b2 51. Rb6 a3 52. Kg5 Ne4+ 53.
Kf4 a2 54. Rb7+ Kf8 55. Rxb2 a1=Q 56. Rb8+ Ke7 57. Kxe4 Qe1+ 58. Kf3 Qc3+ 59.
Kg4 Qd4+ 60. Kh3 Qd3+ 61. Kh4 Qe4+ 62. g4 Qe1+ 63. Kh3 Qe3+ 64. Kh4 Qe1+ 65.
Kh3 Qe3+ 1/2-1/2

[Event "Russia Cup Final 2012"]
[Site "Khanty-Mansiisk RUS"]
[Date "2012.12.05"]
[Round "1.3"]
[White "Savchenko, B."]
[Black "Khismatullin, D."]
[Result "0-1"]
[WhiteElo "2571"]
[BlackElo "2647"]
[PlyCount "152"]
[EventDate "2012.12.04"]
[SourceDate "1999.07.01"]

1. e4 c5 2. Nf3 d6 3. d4 cxd4 4. Nxd4 Nf6 5. Nc3 a6 6. Be3 e5 7. Nb3 Be7 8. f3
Be6 9. g4 d5 10. exd5 Nxd5 11. Nxd5 Qxd5 12. Qxd5 Bxd5 13. Bg2 Bh4+ 14. Bf2
Bxf2+ 15. Kxf2 Nc6 16. Rad1 O-O-O 17. Rhe1 f6 18. h4 Kc7 19. c3 Rhe8 20. Bf1 h5
21. Kg3 Bf7 22. Nc5 Ne7 23. b3 Nc8 24. gxh5 Nd6 25. Bh3 Kc6 26. Nd3 a5 27. Bg4
Rh8 28. Nf2 Bxh5 29. Be6 Kc7 30. c4 Bg6 31. Rd5 b6 32. Red1 Rhe8 33. Bg4 Bf7
34. R5d2 f5 35. Bh3 g6 36. Re1 Re7 37. Rde2 Rde8 38. Nd3 e4 39. Bg2 Kd7 40.
fxe4 fxe4 41. Nf4 Re5 42. Bh3+ Kc6 43. Nd3 R5e7 44. Kf4 Kc7 45. Nf2 Rh8 46. Bg4
Rf8 47. Kg3 Rfe8 48. Nh3 Be6 49. Ng5 Bxg4 50. Kxg4 e3 51. Kf4 Rf8+ 52. Kg4 Rfe8
53. Rd1 Rh8 54. Rd5 Kc6 55. Nf3 Re4+ 56. Kh3 Rh5 57. Nd4+ Kd7 58. Rxh5 gxh5 59.
Nf3 Nf5 60. Kg2 Kd6 61. a3 Kc5 62. Re1 a4 63. bxa4 Rxc4 64. Ne5 Nxh4+ 65. Kh3
Re4 66. Nd7+ Kd4 67. Rd1+ Kc3 68. Nf6 Kc2 69. Nxe4 Kxd1 70. Kxh4 e2 71. Nc3+
Kd2 72. Nxe2 Kxe2 73. Kxh5 Kd3 74. Kg4 Kc3 75. Kf3 Kb3 76. Ke4 Kxa3 0-1

[Event "Bundesliga 2012-13"]
[Site "Emsdetten GER"]
[Date "2012.12.08"]
[Round "5"]
[White "Zherebukh, Y."]
[Black "Giri, A."]
[Result "1-0"]
[WhiteElo "2628"]
[BlackElo "2730"]
[PlyCount "101"]
[EventDate "2012.10.20"]
[EventType "team"]
[SourceDate "1999.07.01"]
[WhiteTeam "Hamburger SK"]
[BlackTeam "SK Turm Emsdetten"]

1. e4 c5 2. Nf3 d6 3. d4 Nf6 4. Nc3 cxd4 5. Nxd4 a6 6. g3 e6 7. Bg2 Be7 8. O-O
O-O 9. a4 Nc6 10. Be3 Qc7 11. f4 Nxd4 12. Bxd4 Bd7 13. Kh1 Bc6 14. Qe2 Rac8 15.
g4 Nd7 16. g5 e5 17. Be3 exf4 18. Bxf4 Ne5 19. b4 b6 20. Bh3 Rce8 21. Rad1 Bd8
22. Nd5 Qa7 23. b5 Bb7 24. c4 axb5 25. axb5 Qa3 26. Bg2 Qb3 27. Ne3 Bc7 28. Nd5
Bd8 29. Ne3 Bc7 30. Nf5 Qb4 31. Rd4 Qa3 32. Rfd1 Re6 33. Qe3 Qa2 34. Qc3 Ra8
35. R4d2 Qa4 36. h3 Kf8 37. Nxd6 Rxd6 38. Rxd6 Nxc4 39. R6d4 Bxf4 40. Qxc4 Qxc4
41. Rxc4 Be5 42. Rd7 Rb8 43. Bf3 Ke8 44. Bg4 Bf4 45. Rd3 Ra8 46. h4 h6 47. gxh6
Bxh6 48. Kg2 g6 49. Bd7+ Ke7 50. Bc6 Ra2+ 51. Kg3 1-0

[Event "Bundesliga 2012-13"]
[Site "Wattenscheid GER"]
[Date "2012.12.08"]
[Round "5"]
[White "Balogh, C."]
[Black "Bogner, S."]
[Result "1-0"]
[WhiteElo "2664"]
[BlackElo "2558"]
[PlyCount "163"]
[EventDate "2012.10.20"]
[EventType "team"]
[SourceDate "1999.07.01"]
[WhiteTeam "SC Eppingen"]
[BlackTeam "SV Wattenscheid"]

1. e4 c5 2. Nf3 d6 3. d4 cxd4 4. Nxd4 Nf6 5. Nc3 a6 6. g3 e5 7. Nb3 Nbd7 8. Bg2
Be7 9. O-O O-O 10. Re1 b5 11. a4 b4 12. Nd5 a5 13. Be3 Bb7 14. Nxe7+ Qxe7 15.
Qd3 Rfc8 16. Red1 h6 17. h3 Qe6 18. Qxd6 Qxd6 19. Rxd6 Rxc2 20. Rd2 Rxd2 21.
Nxd2 Rc8 22. Nb3 Bxe4 23. Bxe4 Nxe4 24. Nxa5 Rc2 25. b3 Ndc5 26. Rc1 Rxc1+ 27.
Bxc1 f5 28. Be3 Nd3 29. Nc6 f4 30. gxf4 exf4 31. Bd4 Nd6 32. a5 Nb5 33. Bb6 Nc1
34. a6 Nxb3 35. Nxb4 Nd2 36. Nd5 Nc4 37. Bc5 g5 38. a7 Nxa7 39. Bxa7 Kf7 40.
Kg2 Ke6 41. Nc3 Kf5 42. Nb5 Ne5 43. Nd4+ Kf6 44. Bb8 Nd3 45. Kf3 h5 46. h4 gxh4
47. Bxf4 h3 48. Bh2 h4 49. Ke2 Nxf2 50. Kxf2 Ke7 51. Nf5+ Ke6 52. Nxh4 Kd5 53.
Ke3 Kc4 54. Nf3 Kd5 55. Ng5 Kc4 56. Ke4 Kc5 57. Nxh3 Kc4 58. Bg1 Kb5 59. Kd5
Kb4 60. Nf4 Kb5 61. Bc5 Ka6 62. Kc6 Ka5 63. Ne6 Ka4 64. Nd4 Ka5 65. Bd6 Ka6 66.
Nb3 Ka7 67. Nc5 Ka8 68. Na4 Ka7 69. Nb6 Ka6 70. Bb8 Ka5 71. Nd5 Ka4 72. Kc5 Kb3
73. Nb4 Kc3 74. Bf4 Kb3 75. Be5 Ka4 76. Kc4 Ka3 77. Bd4 Ka4 78. Bb6 Ka3 79. Nd3
Ka4 80. Nb2+ Ka3 81. Kc3 Ka2 82. Nc4 1-0

[Event "Bundesliga 2012-13"]
[Site "Baden Baden GER"]
[Date "2012.12.09"]
[Round "6"]
[White "Firman, N."]
[Black "Shirov, A."]
[Result "1-0"]
[WhiteElo "2531"]
[BlackElo "2718"]
[PlyCount "77"]
[EventDate "2012.10.20"]
[EventType "team"]
[SourceDate "1999.07.01"]
[WhiteTeam "SF Katernberg"]
[BlackTeam "OSC Baden-Baden"]

1. e4 c5 2. Nf3 d6 3. d4 cxd4 4. Nxd4 Nf6 5. Nc3 a6 6. h3 e5 7. Nde2 h5 8. g3
Be6 9. Bg2 Nbd7 10. a4 Rc8 11. b3 Nc5 12. O-O a5 13. Bg5 Be7 14. h4 Nh7 15.
Bxe7 Kxe7 16. Qd2 Qb6 17. Nb5 Rhd8 18. Nec3 Nf6 19. Kh1 Kf8 20. Rad1 Na6 21.
Qg5 Nc7 22. Rd2 Qc5 23. Nxc7 Rxc7 24. Nb5 Rc6 25. f4 Ra8 26. Nxd6 Rxd6 27. Rxd6
Qxd6 28. fxe5 Qc5 29. exf6 Qxg5 30. hxg5 Rc8 31. Rd1 gxf6 32. gxf6 Kg8 33. e5
Kh7 34. c4 Rc5 35. Bd5 Kg6 36. Bxe6 fxe6 37. Rf1 Rc7 38. Kg2 Rd7 39. Kf3 1-0

[Event "Washington International 2012"]
[Site "Rockville USA"]
[Date "2012.07.29"]
[Round "4.4"]
[White "Friedel, J."]
[Black "Shabalov, A."]
[Result "1/2-1/2"]
[WhiteElo "2503"]
[BlackElo "2534"]
[PlyCount "101"]
[EventDate "2012.07.28"]
[SourceDate "1999.07.01"]

1. e4 c5 2. Nf3 d6 3. d4 cxd4 4. Nxd4 Nf6 5. Nc3 a6 6. Be2 Nbd7 7. O-O g6 8. f4
Bg7 9. a4 Qc7 10. Kh1 O-O 11. Be3 Re8 12. Nb3 b6 13. g4 Bb7 14. Bf3 Nc5 15.
Nxc5 bxc5 16. g5 Nd7 17. Bg2 Rab8 18. Qd3 Bc6 19. Ra2 Qb7 20. Bd2 e6 21. Raa1
Rbd8 22. b3 d5 23. e5 c4 24. bxc4 Nc5 25. Qf3 Ne4 26. Nxe4 dxe4 27. Qe2 Bf8 28.
Be3 Bb4 29. a5 Qe7 30. h4 Bc3 31. Rad1 Bxa5 32. c5 Qb7 33. Rb1 Qc8 34. Ra1 Bc3
35. Rxa6 Bd4 36. Rb6 Ba8 37. Bxd4 Rxd4 38. Qb5 e3 39. c6 Red8 40. Kg1 Kg7 41.
Bh1 Rd2 42. Be4 Qc7 43. Ra6 R2d4 44. Bh1 Rd1 45. Bf3 R1d2 46. Qc5 Rc8 47. Qxe3
Rxc2 48. Rc1 Rxc1+ 49. Qxc1 Bb7 50. Ra3 Bxc6 51. Qxc6 1/2-1/2

[Event "TCh-CZE Extraliga 2012-13"]
[Site "Czech Republic CZE"]
[Date "2012.12.01"]
[Round "3.2"]
[White "Kryvoruchko, Y."]
[Black "Ftacnik, L."]
[Result "1/2-1/2"]
[WhiteElo "2679"]
[BlackElo "2544"]
[PlyCount "86"]
[EventDate "2012.11.03"]
[SourceDate "1999.07.01"]
[WhiteTeam "Rapid Pardubice"]
[BlackTeam "SK Zikuda Turnov"]

1. e4 c5 2. Nf3 d6 3. d4 cxd4 4. Nxd4 Nf6 5. Nc3 a6 6. h3 e5 7. Nde2 h5 8. Bg5
Be7 9. Ng3 g6 10. Bc4 Be6 11. Bb3 Nbd7 12. Qf3 Rc8 13. Nf1 Nb6 14. Ne3 Nh7 15.
Bxe7 Qxe7 16. Ncd5 Nxd5 17. Bxd5 Nf6 18. Bb3 Kf8 19. O-O Kg7 20. Rfd1 Rhd8 21.
Rd2 Qc7 22. c3 a5 23. Bd5 Nxd5 24. Nxd5 Bxd5 25. Rxd5 a4 26. a3 Qb6 27. Qe2 Rc5
28. Rad1 Rxd5 29. Rxd5 Rc8 30. Qb5 Rc6 31. h4 Qa7 32. Qd3 Qb6 33. Qb5 Qa7 34.
g3 Rb6 35. Qe2 Qa6 36. Qxa6 bxa6 37. Rd2 f5 38. f3 Kf6 39. Kf2 Ke6 40. Ke3 Rb5
41. Rc2 Rb6 42. Rd2 Rb5 43. Rc2 Rb6 1/2-1/2

[Event "TCh-CZE Extraliga 2012-13"]
[Site "Czech Republic CZE"]
[Date "2012.12.02"]
[Round "4.2"]
[White "Tazbir, M."]
[Black "Stohl, I."]
[Result "1-0"]
[WhiteElo "2555"]
[BlackElo "2518"]
[PlyCount "61"]
[EventDate "2012.11.03"]
[SourceDate "1999.07.01"]
[WhiteTeam "TJ Tatran Litovel"]
[BlackTeam "TZ Trinec"]

1. e4 c5 2. Nf3 d6 3. d4 cxd4 4. Nxd4 Nf6 5. Nc3 a6 6. Bc4 e6 7. Bb3 b5 8. O-O
Be7 9. Qf3 Qc7 10. Qg3 O-O 11. Bh6 Ne8 12. a4 b4 13. Na2 Bf6 14. Be3 Qb7 15. f3
Nd7 16. Nxe6 fxe6 17. Bxe6+ Kh8 18. Bd5 Qb8 19. Bxa8 Qxa8 20. Nxb4 Bxb2 21.
Rab1 Be5 22. f4 Bf6 23. e5 dxe5 24. fxe5 Be7 25. Nd3 Qc6 26. Bg5 Bxg5 27. Qxg5
Bb7 28. Qg3 Nc7 29. Rxf8+ Nxf8 30. Qf3 Qxf3 31. gxf3 1-0

[Event "FIDE GP Tashkent"]
[Site "Tashkent UZB"]
[Date "2012.11.22"]
[Round "1.5"]
[White "Ponomariov, R."]
[Black "Wang Hao"]
[Result "1/2-1/2"]
[WhiteElo "2741"]
[BlackElo "2737"]
[PlyCount "63"]
[EventDate "2012.11.22"]
[SourceDate "1999.07.01"]

1. e4 c5 2. Nf3 d6 3. d4 cxd4 4. Nxd4 Nf6 5. Nc3 a6 6. g3 g6 7. Bg2 Bg7 8. O-O
O-O 9. Re1 Bg4 10. Nde2 Nc6 11. h3 Bd7 12. a4 Rc8 13. Be3 Ne5 14. Bd4 Nc6 15.
Be3 Ne5 16. b3 Qa5 17. Rb1 b5 18. axb5 Bxb5 19. Ra1 Qc7 20. Nxb5 axb5 21. Nd4
Nfd7 22. Nxb5 Qxc2 23. Qxc2 Rxc2 24. Rec1 Rxc1+ 25. Rxc1 Rb8 26. Bf1 Nc5 27.
Bxc5 dxc5 28. Kg2 Nd7 29. Rd1 Nb6 30. Rc1 Nd7 31. Rd1 Nb6 32. Rc1 1/2-1/2

[Event "FIDE GP Tashkent"]
[Site "Tashkent UZB"]
[Date "2012.11.24"]
[Round "3.4"]
[White "Ponomariov, R."]
[Black "Leko, P."]
[Result "1/2-1/2"]
[WhiteElo "2741"]
[BlackElo "2732"]
[PlyCount "37"]
[EventDate "2012.11.22"]
[SourceDate "1999.07.01"]

1. e4 c5 2. Nf3 d6 3. d4 cxd4 4. Nxd4 Nf6 5. Nc3 a6 6. h3 e5 7. Nb3 Be7 8. Be3
O-O 9. Qf3 b5 10. a3 Bb7 11. Bd3 Nbd7 12. O-O Rc8 13. Rfd1 Nb6 14. Nd2 Nfd7 15.
Qg3 Nc5 16. Bh6 Ne6 17. Be3 Nc5 18. Bh6 Ne6 19. Be3 1/2-1/2

[Event "Fujairah Masters 2012"]
[Site "Fujairah City UAE"]
[Date "2012.11.18"]
[Round "6.5"]
[White "Kryvoruchko, Y."]
[Black "Saric, Iv"]
[Result "1/2-1/2"]
[WhiteElo "2679"]
[BlackElo "2622"]
[PlyCount "123"]
[EventDate "2012.11.13"]
[SourceDate "1999.07.01"]

1. e4 c5 2. Nf3 d6 3. d4 cxd4 4. Nxd4 Nf6 5. Nc3 a6 6. Bc4 e6 7. Bb3 Nbd7 8.
Bg5 Nc5 9. O-O Be7 10. Re1 h6 11. Bh4 O-O 12. f4 Qc7 13. e5 dxe5 14. fxe5 Nh7
15. Bxe7 Qxe7 16. Ne4 Nxe4 17. Rxe4 b6 18. c3 Kh8 19. Qe2 Bb7 20. Re3 Rad8 21.
Re1 Qh4 22. Rh3 Qf4 23. Rg3 Qh4 24. Bc2 Rxd4 25. cxd4 Qxd4+ 26. Qf2 Qxb2 27.
Be4 Qxf2+ 28. Kxf2 Bxe4 29. Rxe4 Ng5 30. Rh4 Kg8 31. Rb3 b5 32. Ra3 f5 33. exf6
Rxf6+ 34. Ke3 e5 35. Rc3 Rf1 36. Rc6 a5 37. Ra6 Re1+ 38. Kd2 Rf1 39. Rxa5 Rf2+
40. Kc3 Rxg2 41. a3 e4 42. Rxb5 e3 43. Rb8+ Kh7 44. Re8 e2 45. Rf4 Rxh2 46. a4
h5 47. Kd2 e1=Q+ 48. Kxe1 Ra2 49. Kf1 Kg6 50. Re2 Ra1+ 51. Kg2 Ra3 52. Rb2 Nh7
53. Rb5 Nf6 54. a5 Ng4 55. Rf3 Ra2+ 56. Kg3 Kh6 57. Rc3 g6 58. Rc6 Ra3+ 59. Kf4
Ra4+ 60. Kg3 Ra3+ 61. Kf4 Ra4+ 62. Kg3 1/2-1/2

[Event "Fujairah Masters 2012"]
[Site "Fujairah City UAE"]
[Date "2012.11.21"]
[Round "9.1"]
[White "Ganguly, S."]
[Black "Sandipan, C."]
[Result "1/2-1/2"]
[WhiteElo "2619"]
[BlackElo "2596"]
[PlyCount "46"]
[EventDate "2012.11.13"]
[SourceDate "1999.07.01"]

1. e4 c5 2. Nf3 d6 3. d4 cxd4 4. Nxd4 Nf6 5. Nc3 a6 6. Bg5 e6 7. f4 h6 8. Bh4
Qb6 9. Qd3 Qxb2 10. Rb1 Qa3 11. f5 Be7 12. fxe6 Bxe6 13. Nxe6 fxe6 14. Be2 Nbd7
15. O-O Rc8 16. Rb3 Qa5 17. Qh3 Qe5 18. Bf3 Nc5 19. Bg3 Qd4+ 20. Bf2 Qe5 21.
Bg3 Qd4+ 22. Bf2 Qe5 23. Bg3 Qd5 1/2-1/2

[Event "VIII Governor's Cup"]
[Site "Khanty-Mansiysk RUS"]
[Date "2012.11.16"]
[Round "2.7"]
[White "Zhigalko, S."]
[Black "Dvoirys, S."]
[Result "1/2-1/2"]
[WhiteElo "2682"]
[BlackElo "2534"]
[PlyCount "88"]
[EventDate "2012.11.15"]
[SourceDate "1999.07.01"]

1. e4 c5 2. Nf3 d6 3. d4 cxd4 4. Nxd4 Nf6 5. Nc3 a6 6. Be3 e5 7. Nb3 Be6 8. h3
Nbd7 9. g4 Rc8 10. Qd2 b5 11. O-O-O Qc7 12. Kb1 Nb6 13. g5 Nh5 14. Nd5 Bxd5 15.
exd5 Nc4 16. Bxc4 bxc4 17. Na5 c3 18. Qxc3 Qxc3 19. bxc3 Rxc3 20. Rd3 Rxd3 21.
cxd3 Be7 22. Kc2 Bd8 23. Nc4 Kd7 24. Rb1 Bc7 25. Rb7 Rb8 26. Ra7 Nf4 27. Bxf4
exf4 28. a4 a5 29. Nxa5 Re8 30. Nc4 Re2+ 31. Kb3 Rxf2 32. Nb6+ Kd8 33. Na8 Bb8
34. Rxf7 f3 35. Rf8+ Ke7 36. Rxb8 Rb2+ 37. Kxb2 f2 38. Rb7+ Kf8 39. g6 hxg6 40.
Rb8+ Ke7 41. Rb7+ Kf6 42. Rb8 Ke7 43. Rb7+ Kf6 44. Rb8 Ke5 1/2-1/2

[Event "VIII Governor's Cup"]
[Site "Khanty-Mansiysk RUS"]
[Date "2012.11.17"]
[Round "3.8"]
[White "Dvoirys, S."]
[Black "Shomoev, A."]
[Result "1/2-1/2"]
[WhiteElo "2534"]
[BlackElo "2568"]
[PlyCount "98"]
[EventDate "2012.11.15"]
[SourceDate "1999.07.01"]

1. e4 c5 2. Nf3 d6 3. d4 cxd4 4. Nxd4 Nf6 5. Nc3 a6 6. a3 e5 7. Nf3 h6 8. Bc4
Be6 9. Bxe6 fxe6 10. Nh4 Nc6 11. f4 exf4 12. Ng6 Rg8 13. Bxf4 e5 14. Be3 Qd7
15. O-O Qe6 16. Nd5 O-O-O 17. Bb6 Rd7 18. Qf3 Rf7 19. b4 Be7 20. Ngxe7+ Nxe7
21. Qc3+ Nc6 22. Nxf6 gxf6 23. a4 d5 24. exd5 Qxd5 25. g3 Rg4 26. Rad1 Qc4 27.
Qd2 Rg8 28. Qd6 Re7 29. c3 h5 30. Rxf6 h4 31. Rdf1 Rd7 32. Rf8+ Nd8 33. Qc5+
Qxc5+ 34. bxc5 Rgg7 35. Kg2 hxg3 36. hxg3 e4 37. R1f4 Rge7 38. R4f6 Rd2+ 39.
Kh3 e3 40. Bxd8 Rxd8 41. Rxd8+ Kxd8 42. Rf1 Re5 43. Re1 e2 44. g4 Ke7 45. Kg3
Kf6 46. Kf4 a5 47. c4 Rxc5 48. Rxe2 Rxc4+ 49. Re4 Rc5 1/2-1/2

[Event "VIII Governor's Cup"]
[Site "Khanty-Mansiysk RUS"]
[Date "2012.11.18"]
[Round "4.9"]
[White "Frolyanov, D."]
[Black "Dvoirys, S."]
[Result "1-0"]
[WhiteElo "2556"]
[BlackElo "2534"]
[PlyCount "53"]
[EventDate "2012.11.15"]
[SourceDate "1999.07.01"]

1. e4 c5 2. Nf3 d6 3. d4 cxd4 4. Nxd4 Nf6 5. Nc3 a6 6. Bg5 e6 7. f4 Qb6 8. Qd2
Qxb2 9. Rb1 Qa3 10. e5 dxe5 11. fxe5 Nfd7 12. Ne4 Qa4 13. Be2 Nc6 14. c3 Ndxe5
15. O-O Nxd4 16. cxd4 Ng6 17. Bh5 f5 18. Qe3 Qa5 19. Ng3 Kd7 20. Rfe1 Kc7 21.
Rec1+ Kd7 22. d5 exd5 23. Nxf5 Ba3 24. Nd4 Ne7 25. Re1 Qc5 26. Bg4+ Kd8 27.
Bxc8 1-0

[Event "VIII Governor's Cup"]
[Site "Khanty-Mansiysk RUS"]
[Date "2012.11.19"]
[Round "5.7"]
[White "Geller, J."]
[Black "Frolyanov, D."]
[Result "1/2-1/2"]
[WhiteElo "2559"]
[BlackElo "2556"]
[PlyCount "66"]
[EventDate "2012.11.15"]
[SourceDate "1999.07.01"]

1. e4 c5 2. Nf3 d6 3. d4 cxd4 4. Nxd4 Nf6 5. Nc3 a6 6. Be2 e6 7. O-O Be7 8. f4
Nc6 9. Be3 O-O 10. a4 Qc7 11. Kh1 Re8 12. Bd3 Nb4 13. a5 Bd7 14. Qe1 Rac8 15.
Qg3 Nh5 16. Qh3 Nxf4 17. Bxf4 e5 18. Nf5 exf4 19. Rxf4 Bf6 20. Nd5 Nxd5 21.
exd5 Be5 22. Rc4 Qd8 23. Rg4 g6 24. Nh6+ Kg7 25. Rf1 Bxg4 26. Rxf7+ Kh8 27.
Bxg6 Bg7 28. Rf8+ Bxf8 29. Nf7+ Kg7 30. Qh6+ Kf6 31. Qg5+ Kg7 32. Qh6+ Kf6 33.
Qg5+ Kg7 1/2-1/2

[Event "Fujairah Masters 2012"]
[Site "Fujairah City UAE"]
[Date "2012.11.15"]
[Round "3.8"]
[White "Fedorchuk, S."]
[Black "Sandipan, C."]
[Result "1-0"]
[WhiteElo "2652"]
[BlackElo "2596"]
[PlyCount "57"]
[EventDate "2012.11.13"]
[SourceDate "1999.07.01"]

1. e4 c5 2. Nf3 d6 3. d4 cxd4 4. Nxd4 Nf6 5. Nc3 a6 6. h3 e6 7. g4 Be7 8. g5
Nfd7 9. h4 b5 10. a3 Bb7 11. Rg1 Nc5 12. h5 Nc6 13. g6 hxg6 14. hxg6 Nxd4 15.
gxf7+ Kxf7 16. Qxd4 Bf6 17. Qe3 Rh4 18. Bg2 Bxc3+ 19. Qxc3 Bxe4 20. Qg3 Bxg2
21. Qxg2 Rh7 22. Be3 Kg8 23. O-O-O Rc8 24. Kb1 Qc7 25. Qg6 Qc6 26. Rg4 d5 27.
Bd4 e5 28. Bxe5 Ne4 29. Qxh7+ 1-0

[Event "Rector Cup MGSU"]
[Site "Moscow RUS"]
[Date "2012.11.11"]
[Round "8.8"]
[White "Azarov, S."]
[Black "Shomoev, A."]
[Result "1-0"]
[WhiteElo "2618"]
[BlackElo "2568"]
[PlyCount "81"]
[EventDate "2012.11.09"]
[SourceDate "1999.07.01"]

1. e4 c5 2. Nf3 d6 3. d4 cxd4 4. Nxd4 Nf6 5. Nc3 a6 6. Bg5 e6 7. f4 b5 8. a3
Bb7 9. Qe2 Nbd7 10. O-O-O Qb6 11. h4 Rc8 12. Rh3 Rxc3 13. Rxc3 Nxe4 14. Qxe4 d5
15. Qe2 b4 16. axb4 Bxb4 17. Rb3 Nc5 18. Rxb4 Qxb4 19. f5 h6 20. Bf4 Ne4 21.
Qg4 Nc5 22. Kb1 Ne4 23. Rd3 Qe1+ 24. Qd1 Qxh4 25. g3 Qf6 26. fxe6 fxe6 27. Rb3
Bc8 28. Bg2 O-O 29. Rb6 Qd8 30. Rxe6 Nf6 31. Rd6 Qa5 32. Nc6 Qc5 33. Ne7+ Kf7
34. Nxd5 Bg4 35. Rxf6+ gxf6 36. Qxg4 Qg1+ 37. Ka2 Qxg2 38. Qd7+ Kg6 39. Ne7+
Kf7 40. Nf5+ Kg6 41. Nh4+ 1-0